Sports Quiz

Random Sports Quiz

Hulk Hogan Wrestlemania Opponents Quiz Stats

 Plays Quiz not verified by Sporcle

Score 0/16 Timer 10:00
0 Plays Today
Hint Answer % Correct
Wrestlemania 3Andre the Giant
97.7%
Wrestlemania 4 (Quarterfinals)Andre the Giant
97.7%
Wrestlemania 5Randy Savage
94.7%
Wrestlemania 6Ultimate Warrior
94.7%
Wrestlemania 18The Rock
93.9%
Wrestlemania 1Roddy Piper
90.9%
Wrestlemania 1Paul Orndorff
87.9%
Wrestlemania 1 (Partner)Mr. T
87.9%
Hint Answer % Correct
Wrestlemania 7Sgt. Slaughter
87.1%
Wrestlemania 9 (WWF Title Match)Yokozuna
87.1%
Wrestlemania 2King Kong Bundy
86.4%
Wrestlemania 9 (Tag Team Match)Ted DiBiase
84.1%
Wrestlemainia 8Sycho Sid
82.6%
Wrestlemania 19Mr. Mcmahon
79.5%
Wrestlemania 9 (Partner)Brutus Beefcake
78%
Wrestlemania 9 (Tag Team Match)IRS
75.8%

You're not logged in!

Compare scores with friends on all Sporcle quizzes.
OR
Log In

Sporcle TV

Today on Sporcle TV


Watch our educational content, quiz creation guides, and fun videos on Sporcle TV.

Show Comments

Extras

Top Quizzes Today


Score Distribution

Your Account Isn't Verified!

In order to create a playlist on Sporcle, you need to verify the email address you used during registration. Go to your Sporcle Settings to finish the process.

Report this User

Report this user for behavior that violates our Community Guidelines.

Details: